Perú Negro : (Registro nro. 323239)

Detalles MARC
000 -ENCABEZADO
Número de control [NR] 01358nam a22003017a 4500
005 - FECHA Y HORA DE LA ÚLTIMA TRANSACCIÓN
control field 20231006154435.0
008 - DE LONGITUD FIJA DE DATOS DE ELEMENTOS - INFORMACIÓN GENERAL
Elementos de longitud fija [NR] 231006b ||||| |||| 00| 0 eng d
020 ## - NUMERO INTERNACIONAL NORMALIZADO PARA LIBROS [R]
Número Internacional Normalizado del libro [NR] 9780934840064
040 ## - FUENTE DE CATALOGACION [NR]
Agencia de catalogación original [NR] CO-BoUCM
Quien Cataloga David Moreno
Quien Clasifica David Moreno
041 ## - CODIGO DE IDIOMA [R]
Código de idioma para texto/pista de sonido o título separado [R] Español
100 1# - ASIENTO PRINCIPAL--NOMBRE PERSONAL [NR]
Nombre personal [NR] Luis F. Paredes
ID Autoridad 179044
245 10 - MENCION DE TITULO [NR]
Título [NR] Perú Negro :
Parte restante del título [NR] bailando muchas memorias /
Mención de responsabilidad, etc. [NR] Luis F. Paredes ; edición crítica, notas y prólogo: Luis A. Ramos-García
246 ## - FORMA VARIANTE DEL TITULO [R]
Título propiamente dicho/forma breve del título [NR] Bailando muchas memorias
260 ## - PUBLICACION, DISTRIBUCION, ETC. (PIE DE IMPRENTA) [R]
Lugar de publicación, distribución, etc. [R] Minneapolis, USA
-- Lima, PE
Nombre del editor, distribuidor, etc. [R] Studia Hispanica Editors
-- Asociación Iberoamericana de Artes y Letras
Fecha de publicación, distribución, etc. [R] 2021
300 ## - DESCRIPCION FISICA [R]
Extensión [R] xxxvii, 209 Paginas
500 ## - NOTA GENERAL [R]
Nota general [NR] Based on the author's Ph.D. dissertation, 2015.
504 ## - NOTA DE BIBLIOGRAFIA, ETC. [R]
Nota de bibliografía, etc. [NR] Incluye referencias bibliográficas e índices
610 1# - ASIENTO SECUNDARIO DE MATERIA - NOMBRE CORPORATIVO [R]
Nombre corporativo o nombre de la jurisdicción como elemento de entrada [NR] Perú Negro (Grupo musical)
9 (RLIN) 179045
650 17 - ASIENTO SECUNDARIO DE MATERIA - TERMINO TEMATICO [R]
Término temático o nombre geográfico como elemento de entrada [NR] Pueblo negro
Subdivisión general [R] Historia y crítica
Subdivisión geográfica [R] Perú
9 (RLIN) 179046
650 17 - ASIENTO SECUNDARIO DE MATERIA - TERMINO TEMATICO [R]
Término temático o nombre geográfico como elemento de entrada [NR] Danza Negra
Subdivisión general [R] Historia
Subdivisión geográfica [R] Perú
9 (RLIN) 179047
650 17 - ASIENTO SECUNDARIO DE MATERIA - TERMINO TEMATICO [R]
Término temático o nombre geográfico como elemento de entrada [NR] Música folklórica
Subdivisión general [R] Historia y crítica
Subdivisión geográfica [R] Perú
9 (RLIN) 179048
650 17 - ASIENTO SECUNDARIO DE MATERIA - TERMINO TEMATICO [R]
Término temático o nombre geográfico como elemento de entrada [NR] Música bailable folklórica
Subdivisión general [R] Historia y crítica
Subdivisión geográfica [R] Perú
9 (RLIN) 179049
650 17 - ASIENTO SECUNDARIO DE MATERIA - TERMINO TEMATICO [R]
Término temático o nombre geográfico como elemento de entrada [NR] Pueblo negro
Subdivisión general [R] Identidad racial
Subdivisión geográfica [R] Perú
9 (RLIN) 179050
650 17 - ASIENTO SECUNDARIO DE MATERIA - TERMINO TEMATICO [R]
Término temático o nombre geográfico como elemento de entrada [NR] Pueblo negro
Subdivisión general [R] Condiciones sociales
Subdivisión geográfica [R] Perú
9 (RLIN) 179051
700 ## - ASIENTO SECUNDARIO - NOMBRE PERSONAL [R]
Nombre personal [NR] Ramos-García, Luis A.
Término de relación [R] editor
9 (RLIN) 179052
942 ## - ELEMENTOS DE ENTRADA AGREGADOS (KOHA)
Sistema de clasificación DEWEY
Tema principal Generalidades
Tipo de ítem principal el descrito en 300a Libro
Edición 1
Clasificación 361.9
Parte restante de la signatura top. P227p
Título oculto en OPAC No
Existencias
Total préstamos Signatura topográfica Código de barras Última vez visto Ejemplar Costo de reposición Price effective from Tipo de ítem Perdido Sistema de clasificación Dañado No prestable Tipo de ítem específico Suprimido Ubicación habitual Ubicación actual Localización Fecha de creación Forma de adquisición Costo
  361.9 P227 100172030 09/12/2025 Ej. 74000.00 06/10/2023 Libro   DEWEY     Libro   Claustro Claustro 2do piso 06/10/2023 Compra 74000.00